| 000 | 01304cam a2200217 4500 | ||
|---|---|---|---|
| 001 | ABS63255 | ||
| 008 | 000000n2000 000 0 eng u | ||
| 035 | _a(Sirsi) u109914 | ||
| 100 | _aConnaughton, J | ||
| 245 | _aMovement for Innovation: one initiative too many, or a real force for change? | ||
| 260 | _c2000 | ||
| 490 |
_aCost Engineer _v38(6) November 2000, 10-11(2) |
||
| 520 | _aLooks at the focus on construction best practice initiatives in the wake of the Egan report, "Rethinking Construction", and whether they will make a difference. The article compares the Egan report with previous government attempts to improve the performance of the construction industry and considers that the main difference lies in Egan's view of a radically changed industry with design and production reorganised along world class manufacturing lines. It examines briefly the Movement for Innovation (M4I) and related initiatives that support Egan's report and ends by concluding that these will help "Rethinking Construction" have a real impact on the construction industry. | ||
| 590 | _aABS | ||
| 650 | _aEGAN REFORMS | ||
| 650 | _aMOVEMENT FOR INNOVATION | ||
| 650 | _aCONSTRUCTION INDUSTRY REFORM | ||
| 650 | _aCONSTRUCTION BEST PRACTICE PROGRAMME | ||
| 690 | _aBUILT ENVIRONMENT | ||
| 942 | _n0 | ||
| 999 |
_c65572 _d65572 |
||